000
00214 a2200097 4500
001
24198
100
_a
Walmark, J.T
245
_a
Field effect transistor
260
_a
_b
Prentice Hall
_c
1966
090
_c
16389
_d
16389
942
_a
NUST-CAE
_c
M
_c
7101
999
_c
259271
_d
259271